000 00908cab a2200229 4500
001 ABS56012
008 090401t1996 xxu||||| |||| 00| 0 eng d
035 _a(Sirsi) u20414
041 _aeng
100 _aBunn, R.
245 _aElectronic databases: multimedia
260 _c1996
350 _a0
490 _aBuilding Services
_vOctober 1996, 47-48(2)
520 _aLooks at various construction-related electronic information databases, considering in particular the role of the internet, BRE`s Construction Information Gateway and the feasibility of the ideal single electronic source for all construction industry related information. Part 2 of 2 - for part 1 see Abs55811.
650 _aCONSTRUCTION INFORMATION GATEWAY
650 _aCONSTRUCTION INFORMATION
650 _aINTERNET
690 _aMANAGEMENT-BUSINESS MANAGEMENT-INFORMATION MANAGEMENT
942 _n0
948 _c04/03/1997
999 _c13676
_d13676